Central Library OPAC University of Rajshahi

Contributions to the theory of nonlinear oscillations / (Record no. 8316)

MARC details
000 -LEADER
fixed length control field 01227nam a22003851 4500
001 - CONTROL NUMBER
control field 8316
003 - CONTROL NUMBER IDENTIFIER
rucl marc code BD RJUL
005 - DATE AND TIME OF LATEST TRANSACTION
control field 20211208234550.0
008 - FIXED-LENGTH DATA ELEMENTS--GENERAL INFORMATION
fixed length control field 180114m19561960njua b 000 0 eng c
035 ## - SYSTEM CONTROL NUMBER
System control number BD RJUL 8361
System control number (OCoLC)00224737
System control number GLIS00554822
System control number (OCoLC)00529167
System control number (OCoLC)12347358
040 ## - CATALOGING SOURCE
Original cataloging agency DLC/ICU
Transcribing agency CGU
Modifying agency m.c.
-- BD RJUL
Language of cataloging eng
041 ## - LANGUAGE CODE
Language code of text/sound track or separate title eng
082 ## - DEWEY DECIMAL CLASSIFICATION NUMBER
Classification number 531.32
Author mark and year CON 1956
090 ## - LOCALLY ASSIGNED LC-TYPE CALL NUMBER (OCLC); LOCAL CALL NUMBER (OCLC)
Classification number (OCLC) (R) ; Classification number, CALL (RLIN) (NR) QA871
Local cutter number (OCLC) ; Book number/undivided call number, CALL (RLIN) .L495
099 ## - LOCAL FREE-TEXT CALL NUMBER (OCLC)
Bangla Class number QA871.L495
100 1# - MAIN ENTRY--PERSONAL NAME
Personal name Lefschetz, Solomon,
Dates associated with a name 1884-1972.
9 (RLIN) 20492
245 10 - TITLE STATEMENT
Title Contributions to the theory of nonlinear oscillations /
Statement of responsibility, etc. [by] S.P. Diliberto [and others].
260 ## - PUBLICATION, DISTRIBUTION, ETC. (IMPRINT)
Place of publication, distribution, etc. Princeton :
Name of publisher, distributor, etc. Princeton University Press,
Date of publication, distribution, etc. 1956.
300 ## - PHYSICAL DESCRIPTION
Pagination v.
Illustrations ill.;
Size 23 cm.
490 1# - SERIES STATEMENT
Series statement Annals of mathematics studies,
Volume/sequential designation 20, 29, 36, 41, 45
500 ## - GENERAL NOTE
General note Vol. 5 edited by L. Cesari, J. LaSalle, and S. Lefschetz.
504 ## - BIBLIOGRAPHY, ETC. NOTE
Bibliography, etc Includes bibliographies.
505 ## - FORMATTED CONTENTS NOTE
Formatted contents note Vol.1--
650 #0 - SUBJECT ADDED ENTRY--TOPICAL TERM
Topical term or geographic name as entry element Oscillations.
9 (RLIN) 21041
700 1# - ADDED ENTRY--PERSONAL NAME
Personal name Cesari, Lamberto.
830 #0 - SERIES ADDED ENTRY--UNIFORM TITLE
Volume number/sequential designation no. 20, etc.
Uniform title Annals of mathematics studies ;
942 ## - ADDED ENTRY ELEMENTS (KOHA)
Source of classification or shelving scheme Dewey Decimal Classification
Koha item type Books
949 ## - LOCAL PROCESSING INFORMATION (OCLC)
a MYGE
v v
1 a
2 a
3 a
5 a
1 a
2 a
3 a
4 a
5 a
Holdings
Lost status Source of classification or shelving scheme Damaged status Not for loan Collection code Permanent Location Current Location Shelving location Date acquired Source of acquisition Cost, normal purchase price Total Checkouts Full call number Date last seen Copy number Koha item type
  Dewey Decimal Classification   Not For Loan Non-fiction Central Library, University of Rajshahi Central Library, University of Rajshahi Reading Room 14/02/1975 Zeitlinger 26.00   531.32 CON V-1 1956 18/01/2014 C-1 Books